000 00660nam a2200205Ia 4500
003 GCL
008 140319s9999 xx 000 0 ara d
040 _aGCL /
_cGCL
082 0 4 _aق
_b962.02
_bم ت
100 1 _aعبدالعظيم رمضان
245 1 0 _aتاريخ النهب الاستعمارى لمصر 1882-1798 /
_cعبدالعظيم رمضان
700 1 _aمارلو, جون
300 _a382 ص
490 _a
650 0 4 _aمصر
650 0 4 _aتاريخ
650 0 4 _aخريطة جمهورية مصر العربية
650 0 4 _aمصر - تاريخ - العصر الحديث - عصر اسماعيل ( 1863-1879 م )
942 _2ddc
_cBK
999 _c38751
_d38751